Miasto powyżej 100 tysięcy ludności najbliżej.... - Statystyki

Ogólne statystyki
  • Ten quiz został rozwiązany 37 razy
  • Średni wynik to 6 z 7
Statystyki odpowiedzi
Duże miasto blisko Ludność -> Odpowiedź % Poprawnych
Grodno,Białoruś 293 407 Białystok
94%
Lwów,Ukraina 183 901 Rzeszów
94%
Zabrze 181 310 Gliwice
89%
Szczecin 106 097 Koszalin
86%
Zielona góra 638 659 Wrocław
83%
Gdańsk 119 308 Elbląg
72%
Łódź 120 338 Płock
56%
Nie znaleziono quizów pasujących do podanych kryteriów
Rozkład punktacji
Procent ludzi z każdym wynikiem
Percentyl według liczby udzielonych odpowiedzi
Twoja historia wyników
Nie rozwiązałeś tego quizu